| 000 | 00622nam a2200193 i 4500 | ||
|---|---|---|---|
| 001 | 42185 | ||
| 003 | ES-MaACL | ||
| 005 | 20250814063212.0 | ||
| 007 | t| | ||
| 008 | 030312s1984 sp ||||1| spa d | ||
| 100 | 1 |
_aCastilla del Pino, Carlos, _d1922-2009 _936651 |
|
| 245 | 1 | 0 |
_aTeoría de la alucinación _b: una investigación de teroría psico(pato)lógica / _cCarlos Castilla del Pino. |
| 260 |
_aMadrid : _bAlianza, _c[1984] |
||
| 300 |
_a205 p. ; _c20 cm. |
||
| 490 | 1 | _aAlianza universidad | |
| 830 | 0 |
_aAlianza universidad _9177276 |
|
| 852 |
_aES-MaACL _jL-6805 _bR.107437 |
||
| 999 |
_c42185 _d42185 |
||